| 000 | 00889nam a2200217 a 4500 | ||
|---|---|---|---|
| 001 | 000499480 | ||
| 003 | AM-YeHGA | ||
| 005 | 20250618072648.0 | ||
| 008 | 060911s1947 ai ||||gr|||||||||0|arm|d | ||
| 040 | _aAM-YeHGA | ||
| 041 | 0 | _aarm | |
| 100 | 1 |
_aԿարապետյան, Ս _9538 |
|
| 245 | 1 | 0 |
_aԶինված ապստամբությունը լոռու «Զեզոք զոնայում» : _b(1921 թ. փետրվար) / _cՍ. Կարապետյան. |
| 260 |
_aԵրևան : _bՀՍՍՌ ԳԱ, _c1947. |
||
| 300 |
_a[14] էջ : _bՄատենագիտ. տողատակում. |
||
| 500 | _aԱռանձնատիպ՝ ՀՍՍՌ ԳԱ 1947 թ. № 2 «Տեղեկագիր»-ից, էջ՝ 69-82 | ||
| 650 | 1 | 4 | _aՀայ ժողովրդի պատմություն |
| 856 | 4 | 1 |
_uhttps://arar.sci.am/dlibra/publication/390936/edition/361614/content _yԿարդալ առցանց |
| 942 |
_2udc _cBK |
||
| 090 | _c186115 | ||
| 999 |
_c184660 _d184660 |
||